Mafia y narcotráfico en Colombia: elementos para un estudio comparado /
El siguiente artículo busca escudriñar el origen y la naturaleza del fenómeno del narcotráfico a escala global y particularmente en Colombia, así como la magnitud de los conflictos que origina, en aras de aportar a los estudios comparativos con otros países del continente.
Guardat en:
| Autor principal: | |
|---|---|
| Format: | Text |
| Matèries: | |
| Etiquetes: |
Afegir etiqueta
Sense etiquetes, Sigues el primer a etiquetar aquest registre!
|
MARC
| LEADER | 00000 a a2200000 04500 | ||
|---|---|---|---|
| 001 | 44633 | ||
| 003 | |||
| 040 | |||
| 100 | |a Medina Gallego, Carlos | ||
| 245 | |a Mafia y narcotráfico en Colombia: |b elementos para un estudio comparado / |c Carlos Medina Gallego | ||
| 520 | |a El siguiente artículo busca escudriñar el origen y la naturaleza del fenómeno del narcotráfico a escala global y particularmente en Colombia, así como la magnitud de los conflictos que origina, en aras de aportar a los estudios comparativos con otros países del continente. | ||
| 590 | |a RRH/DICIEMBRE2013 | ||
| 650 | |a CONFLICTOS SOCIALES | ||
| 650 | |2 Macrothesaurus de la OCDE/ | ||
| 650 | |a DROGAS | ||
| 650 | |a NARCOTRAFICO | ||
| 650 | |a VIOLENCIA | ||
| 650 | |a REPRESION | ||
| 650 | |a ESTADO | ||
| 650 | |a COLOMBIA | ||
| 773 | |g páginas 139-170 | ||
| 999 | |c 24128 |d 24128 | ||
